| 000 | 00615nam a2200169 a 4500 | ||
|---|---|---|---|
| 001 | 000040986 | ||
| 005 | 20240402134028.0 | ||
| 008 | 130912s20uu dr 000 0 spa d | ||
| 040 |
_aDO-SdBNP _bspa _cBNPHU |
||
| 110 | 1 |
_aRepública Dominicana _9447 |
|
| 240 | 1 | 3 | _a[Leyes, etc.] |
| 245 | 1 | 0 |
_aCódigo de derecho : _binternacional privado / _ccompilador Trajano Vidal Potentini. |
| 246 | 1 | 2 |
_aCódigo Bustamante _bley No. 1055 (del 2 de enero de 1929, G. O. 4042) |
| 260 |
_aMoca, República Dominicana : _bDalis, _c[20??]. |
||
| 300 |
_a88 p.: ; _c15 cm. |
||
| 700 | 1 | 2 |
_aPotentini Adames, Trajano Vidal _ecomp. _973577 |
| 999 |
_c40476 _d40476 |
||